Premsa forana, el naixement d'una premsa comarcal mallorquina /
Descripción Física:
4 pàgs. ; il. b/n ; 29 cm.
Colección:
Arrel : revista editada per la Diputació de Barcelona
; Núm. 14 (maig, 1986) ; pàgs. 56-59
Materias:
Premsa comarcal -- Mallorca
MARC
| LEADER | 00000nab a2200000 a 4500 | ||
|---|---|---|---|
| 001 | 8161 | ||
| 003 | Arxiu | ||
| 005 | 20260324175951.0 | ||
| 008 | 160829s9999 xx 000 0 cat d | ||
| 100 | |a Guillamet, Jaume |9 35625 | ||
| 245 | |a Premsa forana, el naixement d'una premsa comarcal mallorquina / |c Jaume Guillament | ||
| 260 | |a Barcelona : |b Diputació de Barcelona ; |c 1986 | ||
| 300 | |a 4 pàgs. ; |b il. b/n ; |c 29 cm. | ||
| 490 | |a Arrel : revista editada per la Diputació de Barcelona ; |v Núm. 14 (maig, 1986) ; pàgs. 56-59 |x 0211-562X | ||
| 650 | |a Premsa comarcal |x Mallorca |9 42714 | ||
| 856 | 4 | |u https://media.diba.cat/diba/fitxers/arxiu/hemeroteca/arrel/8161/bib_8161_1984_1986_n06_a13_baixa.pdf |y bib_8161_1984_1986_baixa.pdf | |
| 856 | 4 | ||
| 901 | |a Arxiu | ||
| 942 | |n 1 |2 udc |c Articles de revista | ||
| 952 | |0 0 |1 0 |2 udc |4 0 |6 REV94 |7 1 |9 50995 |a Arxiu |b Arxiu |d 2016-12-01 |o Rev-94 |r 2016-12-01 00:00:00 |w 2016-12-01 |y ARXIU | ||
| 999 | |c 54838 |d 54838 | ||
| 900 | |a bib_8161_1984_1986_n06_a13_baixa.pdf | ||